• 首页
  • 本馆介绍
  • 公告通知
  • 最新文献
  • 馆藏检索
  • 电子资源
  • 读者导购
  • 参考咨询
  • 我的图书馆
  • 登录
  • 详细信息显示
  • 放入我的书架
  • 预约/预借图书
  • 作者相关作品
  • 分类相关作品
  • 丛书相关作品
  • 出版社相关作品

书目信息

  • 表格格式
  • 工作单格式
  • 卡片格式
题名:
乳制品
    
 
作者: 郭本恒 主编
分册:  
出版信息: 北京   化学工业出版社  2001.01
页数: 365页
开本: 20cm
丛书名: 当代食品生产技术丛书
单 册:
中图分类: TS252.42
科图分类:
主题词: 食品工业
电子资源:
ISBN: 7-5025-2973-X
000 00610nam0 2200217 450
001 0630979117
005 20060612162027.89
010    @a7-5025-2973-X@dCNY26.00
100    @a20060610d2001 km y0chiy0120 ea
101 0  @achi
102    @aCN@b110000
200 1  @a乳制品@Aru zhi pin@f郭本恒主编@Fguo ben heng zhu bian
210    @a北京@c化学工业出版社@d2001.01
215    @a365页@d20cm
225 2  @a当代食品生产技术丛书
410  0 @12001 @a当代食品生产技术丛书
606 0  @a食品工业
690    @aTS252.42@v4
701  0 @a郭本恒@Aguo ben heng@4主编
801  0 @aCN@bPFT@c20060612
905    @aBZT@dTS252.42@e1@f6
    
    乳制品/郭本恒主编.-北京:化学工业出版社,2001.01
    365页;20cm.-(当代食品生产技术丛书)
    
    
    ISBN 7-5025-2973-X:CNY26.00
    
●
相关链接 在五车中查询图书 在当当中查询图书 在豆瓣中查询图书


正题名:乳制品     索取号:TS252.42/1         预约/预借

序号 登录号 条形码 馆藏地/架位号 状态 备注
1 0446218   230003584   样本书库/样008架A面1层1列/ [索取号:TS252.42/1] 在馆    
2 0446219   230003583   中心书库中库/ 中库025架A面5列4层19/ [索取号:TS252.42/1] 在馆    
3 0446220   230003586   中心书库中库/ 中库025架A面5列4层16/ [索取号:TS252.42/1] 在馆    
4 0446221   230003585   中心书库中库/ 中库025架A面5列4层15/ [索取号:TS252.42/1] 在馆    
5 0446222   230003588   中心书库中库/ 中库025架A面5列4层17/ [索取号:TS252.42/1] 在馆    
6 0446223   230003587   中心书库中库/ 中库025架A面5列4层18/ [索取号:TS252.42/1] 在馆    
山东省滨州职业学院图书馆 欢迎您!
大连网信软件有限公司© 版权所有